Normal view
MARC view
- Bahadur, P., N V Sastry
Entry Personal Name
001 - CONTROL NUMBER
- control field: 127711
003 - CONTROL NUMBER IDENTIFIER
- control field: NUST
005 - DATE AND TIME OF LATEST TRANSACTION
- control field: 20250124101423.0
008 - FIXED-LENGTH DATA ELEMENTS
- fixed length control field: 250124|| aca||aabn | a|a d
040 ## - CATALOGING SOURCE
- Original cataloging agency: NUST
- Transcribing agency: NUST
100 ## - HEADING--PERSONAL NAME
- Personal name: Bahadur, P., N V Sastry
670 ## - SOURCE DATA FOUND
- Source citation: Work cat.: (NUST)565778: Bahadur, P., N V Sastry, Principles of polymer science /, 2005
